MARC details
| 000 -LEADER |
| fixed length control field |
01706nam a2200385 i 4500 |
| 003 - CONTROL NUMBER IDENTIFIER |
| control field |
EG-GICUC |
| 005 - DATE AND TIME OF LATEST TRANSACTION |
| control field |
20260121101055.0 |
| 008 - FIXED-LENGTH DATA ELEMENTS--GENERAL INFORMATION |
| fixed length control field |
251027s1990 ua ||||f l||| 00| 0 ara d |
| 040 ## - CATALOGING SOURCE |
| Original cataloging agency |
EG-GICUC |
| Language of cataloging |
ara |
| Transcribing agency |
EG-GICUC |
| Modifying agency |
EG-GICUC |
| Description conventions |
rda |
| 041 0# - LANGUAGE CODE |
| Language code of text/sound track or separate title |
ara |
| 082 04 - DEWEY DECIMAL CLASSIFICATION NUMBER |
| Edition number |
21 |
| Classification number |
340.06207 |
| Item number |
أ ن . م |
| 092 04 - LOCALLY ASSIGNED DEWEY CALL NUMBER (OCLC) |
| Edition number |
21 |
| Classification number |
340.506207 |
| 099 ## - LOCAL FREE-TEXT CALL NUMBER (OCLC) |
| Classification number |
Law1 340.06207 أ ن . م 1990 |
| 100 0# - MAIN ENTRY--PERSONAL NAME |
| Personal name |
أنور طلبة |
| 245 ## - TITLE STATEMENT |
| Title |
مجموعة المبادئ القانونية التى قررتها محكمة النقض منذ إنشائها سنة 1931 / |
| Statement of responsibility, etc. |
المستشار أنور طلبة |
| Number of part/section of a work |
الجزء الثامن : |
| Name of part/section of a work |
خلف، دستور، دعوى، شركات، شفعة، شهر عقارى، شيوع، صلح، صورية، ضرائب، عقد، علامات تجارية، عمل |
| 264 ## - PRODUCTION, PUBLICATION, DISTRIBUTION, MANUFACTURE, AND COPYRIGHT NOTICE |
| Place of production, publication, distribution, manufacture |
الاسكندرية : |
| Name of producer, publisher, distributor, manufacturer |
دار نشر الثقافة، |
| Date of production, publication, distribution, manufacture, or copyright notice |
1990. |
| 300 ## - PHYSICAL DESCRIPTION |
| Extent |
المجلد الثامن (780 صفحة) |
| Other physical details |
إيضاحيات، صور، مثيليات ؛ |
| Dimensions |
24 سم |
| 336 ## - CONTENT TYPE |
| Source |
rda content |
| Content type term |
text |
| 337 ## - MEDIA TYPE |
| Source |
rda media |
| Media type term |
Computer |
| 338 ## - CARRIER TYPE |
| Source |
rda carrier |
| Carrier type term |
Online Resource |
| 500 ## - GENERAL NOTE |
| General note |
يشتمل على إرجاعات ببليوجرافية |
| 504 ## - BIBLIOGRAPHY, ETC. NOTE |
| Bibliography, etc. note |
. 773-780 ببليوجرافيا: صفحات. |
| 546 ## - LANGUAGE NOTE |
| Language note |
النص باللغة العربية |
| 650 1# - SUBJECT ADDED ENTRY--TOPICAL TERM |
| Topical term or geographic name entry element |
دستور |
| Source of heading or term |
qrmak |
| 650 1# - SUBJECT ADDED ENTRY--TOPICAL TERM |
| Topical term or geographic name entry element |
دعوى |
| Source of heading or term |
qrmak |
| 650 1# - SUBJECT ADDED ENTRY--TOPICAL TERM |
| Topical term or geographic name entry element |
شهر عقارى |
| Source of heading or term |
qrmak |
| 650 1# - SUBJECT ADDED ENTRY--TOPICAL TERM |
| Topical term or geographic name entry element |
شيوع |
| Source of heading or term |
qrmak |
| 650 1# - SUBJECT ADDED ENTRY--TOPICAL TERM |
| Topical term or geographic name entry element |
قانون الكفالة |
| Source of heading or term |
qrmak |
| 650 1# - SUBJECT ADDED ENTRY--TOPICAL TERM |
| Topical term or geographic name entry element |
القسمة |
| Source of heading or term |
qrmak |
| 650 1# - SUBJECT ADDED ENTRY--TOPICAL TERM |
| Topical term or geographic name entry element |
نزع الملكية للمنفعة العامة |
| Source of heading or term |
qrmak |
| 651 1# - SUBJECT ADDED ENTRY--GEOGRAPHIC NAME |
| Source of heading or term |
qrmak |
| 856 40 - ELECTRONIC LOCATION AND ACCESS |
| Uniform Resource Identifier |
<a href="https://fll.law.cu.edu.eg/fulltext/bks/B04-00072.pdf">https://fll.law.cu.edu.eg/fulltext/bks/B04-00072.pdf</a> |
| 905 ## - Cataloger and Reviser Names |
| Cataloger Name: |
|
| 942 ## - ADDED ENTRY ELEMENTS (KOHA) |
| Source of classification or shelving scheme |
Dewey Decimal Classification |
| Koha item type |
Books |
| Edition |
21 |
| Suppress in OPAC |
No |